Bring your own devices (BYOD) survival guide /

Bibliographic Details
Main Author: Keyes, Jessica, 1950-
Corporate Author: ebrary, Inc
Format: eBook
Language:English
Published: Boca Raton, FL : CRC Press, Taylor & Francis Group, [2013]
Subjects:
Online Access:Connect to the full text of this electronic book

MARC

Tag First Indicator Second Indicator Subfields
LEADER 00000cam a22000001i 4500
001 in00003241021
006 m |o d |
007 cr |n|||||||||
008 130414s2013 flua ob 001 0 eng d
005 20250816222641.0
020 |a 9781466565043 (electronic bk.) 
020 |a 1466565047 (electronic bk.) 
020 |z 9781466565036 (hardback : acid-free paper) 
020 |z 1466565039 (hardback : acid-free paper) 
024 8 |a 99968053407 
035 |a (NhCcYBP)ebr10681938 
040 |a NhCcYBP  |c NhCcYBP  |d UtOrBLW 
050 4 |a QA76.9.T43  |b K475 2013 
082 0 4 |a 004.068/8  |2 23 
084 |a BUS087000  |a COM032000  |a COM043000  |2 bisacsh 
100 1 |a Keyes, Jessica,  |d 1950-  |0 http://id.loc.gov/authorities/names/n90635173 
245 1 0 |a Bring your own devices (BYOD) survival guide /  |c Jessica Keyes. 
264 1 |a Boca Raton, FL :  |b CRC Press, Taylor & Francis Group,  |c [2013] 
300 |a 1 online resource. 
336 |a text  |b txt  |2 rdacontent 
337 |a computer  |b c  |2 rdamedia 
338 |a online resource  |b cr  |2 rdacarrier 
500 |a "An Auerbach book." 
504 |a Includes bibliographical references and index. 
505 0 |a Ch. 1. The BYOD revolution -- ch. 2. Making a financial case for BYOD -- ch. 3. Integrating BYOD into performance measurement and management systems -- ch. 4. Assessment and mitigation of risks in a BYOD environment -- ch. 5. Guidelines for managing and securing mobile devices in the enterprise -- ch. 6. Cloud best practices -- ch. 7. Configuration management in a BYOD environment -- ch. 8. Content management, mobile and otherwise -- ch. 9. Integrating BYOD into resource management -- ch. 10. BYOD means social networking. 
588 |a Description based on print version record. 
500 |a Electronic resource. 
650 0 |a Computer technical support.  |0 http://id.loc.gov/authorities/subjects/sh96009357 
655 7 |a Electronic books.  |2 local 
710 2 |a ebrary, Inc.  |0 http://id.loc.gov/authorities/names/no2007088509 
776 1 8 |c Original  |z 9781466565036  |z 1466565039  |w (DLC) 2012050919 
856 4 1 |u https://ebookcentral.proquest.com/lib/tamucs/detail.action?docID=1165902  |y Connect to the full text of this electronic book  |t 0 
955 |a YBP purchased DDA e-records 
980 |b 104.94  |g 1 
987 |a ybp10404759 
999 f f |s dc1f8c0e-469b-374a-b6b5-f662bf61b947  |i 25a0d4da-1637-38a3-a8d4-2f424bd32329  |t 0 
952 f f |a Texas A&M University  |b College Station  |c Electronic Resources  |d Available Online  |t 0  |e QA76.9.T43 K475 2013  |h Library of Congress classification 
998 f f |a QA76.9.T43 K475 2013  |t 0  |l Available Online